[Event "Manitoba op"]
[Site "Winnipeg CAN"]
[Date "1997.05.19"]
[Round "6"]
[White "Plocek, Jaroslav"]
[Black "Hanrahan, Nigel"]
[Result "1-0"]
[WhiteElo "1689"]
[BlackElo "1715"]
[PlyCount "74"]
[GameId "2160767911965822"]
[EventDate "1997.05.17"]
[EventType "swiss"]
[EventRounds "6"]
[EventCountry "CAN"]

1. e4 c5 2. Nf3 d6 3. Bc4 e6 4. c3 Nf6 5. d3 Be7 6. Be3 Nc6 7. a3 a6 8. Nbd2 b5 9. Ba2 Ng4 10. O-O Nxe3 11. fxe3 Bd7 12. Qe2 Qb6 13. Qf2 Rf8 14. Qg3 g6 15. Ng5 Bxg5 16. Qxg5 Qd8 17. Rf6 h6 18. Qh4 Qe7 19. Raf1 O-O-O 20. Qxh6 Ne5 21. Qg7 Nxd3 22. Rxf7 Rxf7 23. Rxf7 Qg5 24. Nf1 c4 25. b3 Nc1 26. Rf2 Nxa2 27. Rxa2 cxb3 28. Rb2 e5 29. Rxb3 Be6 30. Rb2 Bc4 31. Qa7 Bxf1 32. Kxf1 Rf8+ 33. Kg1 Qf6 34. Qxa6+ Kd8 35. Qxb5 Ke7 36. Qb7+ Ke8 37. Qa8+ Kf7 1-0

[Event "Manitoba op"]
[Site "Winnipeg CAN"]
[Date "1997.05.19"]
[Round "6"]
[White "Rasmussen, Barry"]
[Black "Kim, Phillip"]
[Result "1-0"]
[WhiteElo "2228"]
[BlackElo "2062"]
[PlyCount "49"]
[GameId "2160767911965823"]
[EventDate "1997.05.17"]
[EventType "swiss"]
[EventRounds "6"]
[EventCountry "CAN"]

1. e4 c5 2. Nf3 d6 3. d4 cxd4 4. Nxd4 Nf6 5. Nc3 g6 6. Be3 Bg7 7. f3 O-O 8. Qd2 Nc6 9. Bc4 Bd7 10. O-O-O Ne5 11. Bb3 Qa5 12. Kb1 Rfc8 13. Bh6 Bh8 14. Nd5 Qd8 15. h4 b5 16. h5 Nc4 17. Bxc4 bxc4 18. hxg6 hxg6 19. g4 Nxd5 20. exd5 c3 21. Qh2 Bxd4 22. Rxd4 Qb6 23. Bc1 Qxd4 24. Qh7+ Kf8 25. Bh6+ 1-0

[Event "Manitoba op"]
[Site "Winnipeg CAN"]
[Date "1997.05.19"]
[Round "6"]
[White "Schulz, Waldemar"]
[Black "Bollenbach, Brad"]
[Result "1/2-1/2"]
[WhiteElo "1988"]
[BlackElo "2104"]
[PlyCount "83"]
[GameId "2160767911965824"]
[EventDate "1997.05.17"]
[EventType "swiss"]
[EventRounds "6"]
[EventCountry "CAN"]

1. Nf3 c5 2. g3 g6 3. Bg2 Bg7 4. c4 Nc6 5. O-O Nf6 6. Nc3 O-O 7. d4 cxd4 8. Nxd4 Qb6 9. Nxc6 bxc6 10. Qc2 Rb8 11. b3 d5 12. cxd5 cxd5 13. Bb2 e6 14. Na4 Qb5 15. Be5 Ra8 16. Rfc1 Ba6 17. Bf1 Ne4 18. Bxg7 Kxg7 19. Nc3 Nxc3 20. Qxc3+ Kg8 21. e3 Qb6 22. Qc6 Bxf1 23. Qxb6 axb6 24. Kxf1 Rfc8 25. a4 Rcb8 26. Ke2 Rb7 27. Rc6 Kg7 28. Kd2 Kf6 29. Rc2 Ke7 30. Kd3 Kd6 31. h4 h5 32. b4 Rba7 33. Rca2 Rc7 34. Rc2 Rca7 35. Rca2 Rc7 36. a5 bxa5 37. bxa5 Ra6 38. Rb1 Rca7 39. Rba1 Rc7 40. Rb1 Rca7 41. Rba1 Rc7 42. Rb1 1/2-1/2

[Event "Manitoba op"]
[Site "Winnipeg CAN"]
[Date "1997.05.19"]
[Round "6"]
[White "Udarbe, Steve"]
[Black "Nikouline, Alexandre"]
[Result "0-1"]
[WhiteElo "1955"]
[BlackElo "1989"]
[PlyCount "94"]
[GameId "2160767911965825"]
[EventDate "1997.05.17"]
[EventType "swiss"]
[EventRounds "6"]
[EventCountry "CAN"]

1. d4 Nf6 2. e3 e6 3. Bd3 c5 4. c3 d5 5. Nd2 Nc6 6. f4 cxd4 7. exd4 Bd6 8. g3 h5 9. Ndf3 Ne4 10. Qe2 f5 11. Nh4 Qa5 12. Bd2 Bd7 13. Ngf3 Qb6 14. Be3 Be7 15. Ng6 Rh7 16. Nfe5 Bf6 17. Bxe4 fxe4 18. Nxd7 Kxd7 19. Ne5+ Bxe5 20. dxe5 Qc7 21. O-O-O Rd8 22. Kb1 b6 23. Rhf1 g6 24. Qb5 Kc8 25. Rd2 Kb7 26. Bd4 Ne7 27. Re1 Qc6 28. Qf1 Nf5 29. Qh3 Rdh8 30. Qf1 Rc7 31. Qg2 Qb5 32. Ka1 Rhc8 33. Qe2 Qxe2 34. Rexe2 Rg8 35. Be3 g5 36. a3 Nxe3 37. Rxe3 gxf4 38. gxf4 Rg4 39. f5 exf5 40. Rxd5 Re7 41. e6 Rf4 42. Re5 Rf1+ 43. Ka2 Kc6 44. c4 Kd6 45. Rd5+ Kxe6 46. Rg3 Kf6 47. Rd6+ Re6 0-1

[Event "Manitoba-ch"]
[Site "Winnipeg CAN"]
[Date "1997.01.04"]
[Round "1"]
[White "Gentes, Kevin"]
[Black "Gibbons, Michael"]
[Result "1-0"]
[WhiteElo "2384"]
[BlackElo "2073"]
[PlyCount "73"]
[GameId "2160767911999600"]
[EventDate "1997.01.04"]
[EventType "tourn"]
[EventRounds "9"]
[EventCountry "CAN"]
[SourceTitle "EXT 2001"]
[Source "ChessBase"]
[SourceDate "2000.11.22"]
[SourceVersion "1"]
[SourceVersionDate "2000.11.22"]
[SourceQuality "1"]

1. d4 f5 2. g3 Nf6 3. Bg2 e6 4. Nf3 Be7 5. c4 O-O 6. O-O d5 7. b3 Nbd7 8. Qc2 Ne4 9. e3 c6 10. Ba3 Rf6 11. Bxe7 Qxe7 12. Ne5 Rh6 13. f3 Nef6 14. Nd2 Qe8 15. Rf2 g5 16. Re1 g4 17. f4 Nf8 18. Qb2 Ng6 19. b4 Ne7 20. c5 Ne4 21. Bxe4 fxe4 22. Nxg4 Rg6 23. Ne5 Rg7 24. Rg2 h5 25. Nf1 Nf5 26. Qf2 Qe7 27. h3 a5 28. Qe2 Qe8 29. bxa5 Rxa5 30. Rb1 Ra3 31. Rb3 Rxb3 32. axb3 Kf8 33. Qe1 Ke7 34. g4 Qg8 35. Qf2 hxg4 36. hxg4 Nh6 37. Qh4+ 1-0

[Event "Manitoba-ch"]
[Site "Winnipeg CAN"]
[Date "1997.01.04"]
[Round "1"]
[White "Henson, Joshua"]
[Black "Babb, Jeff"]
[Result "0-1"]
[WhiteElo "1981"]
[BlackElo "2100"]
[PlyCount "106"]
[GameId "2160767911999601"]
[EventDate "1997.01.04"]
[EventType "tourn"]
[EventRounds "9"]
[EventCountry "CAN"]
[SourceTitle "EXT 2001"]
[Source "ChessBase"]
[SourceDate "2000.11.22"]
[SourceVersion "1"]
[SourceVersionDate "2000.11.22"]
[SourceQuality "1"]

1. e4 d6 2. d4 Nf6 3. Nc3 g6 4. Nf3 Bg7 5. Be2 O-O 6. O-O Bg4 7. Be3 Nc6 8. Qd2 e5 9. d5 Ne7 10. Rad1 Bd7 11. h3 b5 12. Bd3 b4 13. Ne2 a5 14. Bh6 c5 15. dxc6 Bxc6 16. Bxg7 Kxg7 17. Ng3 h6 18. Rfe1 Qc7 19. Qe2 Rfd8 20. Nd2 Re8 21. Nc4 d5 22. Nd2 Rab8 23. Qe3 Nc8 24. exd5 Bxd5 25. Nde4 Bxe4 26. Nxe4 Nxe4 27. Qxe4 Qc5 28. Qc4 Qxc4 29. Bxc4 Nb6 30. Bb5 Re7 31. Rd2 Rc8 32. Ba6 Rc6 33. Bb5 Rc5 34. Bd3 Na4 35. b3 Nc3 36. Ra1 Rd7 37. f3 f5 38. Rf2 Kf6 39. Kf1 h5 40. Kg1 h4 41. Kf1 Kg5 42. Ke1 Kf4 43. Kf1 Rcd5 44. Kg1 Kg3 45. f4 e4 46. Re1 Rxd3 47. cxd3 Rxd3 48. Rff1 Nd5 49. Rc1 Nxf4 50. Rc6 Rd2 51. Re1 Rxg2+ 52. Kh1 Rh2+ 53. Kg1 Nxh3+ 0-1

[Event "Manitoba-ch"]
[Site "Winnipeg CAN"]
[Date "1997.01.04"]
[Round "1"]
[White "Kollar, Frank"]
[Black "Yoos, John"]
[Result "1/2-1/2"]
[WhiteElo "2222"]
[BlackElo "2409"]
[PlyCount "56"]
[GameId "2160767911999602"]
[EventDate "1997.01.04"]
[EventType "tourn"]
[EventRounds "9"]
[EventCountry "CAN"]
[SourceTitle "EXT 2001"]
[Source "ChessBase"]
[SourceDate "2000.11.22"]
[SourceVersion "1"]
[SourceVersionDate "2000.11.22"]
[SourceQuality "1"]

1. e4 c5 2. Nf3 d6 3. d4 cxd4 4. Nxd4 Nf6 5. Nc3 g6 6. Bc4 Bg7 7. O-O O-O 8. Bb3 Nc6 9. Bg5 Bd7 10. Nde2 b5 11. Nd4 b4 12. Nxc6 Bxc6 13. Nd5 Bxd5 14. exd5 Ne4 15. Bc1 Nc5 16. Bc4 Qc7 17. Qe2 Na4 18. Rb1 Rac8 19. Bb3 Nb6 20. Bg5 a5 21. Be3 Nc4 22. Bc1 Bf6 23. Rd1 Qc5 24. Be3 Nxe3 25. Qxe3 Qb5 26. Qd3 Qd7 27. Bc4 Rc5 28. b3 Rfc8 1/2-1/2

[Event "Manitoba-ch"]
[Site "Winnipeg CAN"]
[Date "1997.01.04"]
[Round "1"]
[White "Langner, David"]
[Black "Baragar, Fletcher"]
[Result "1/2-1/2"]
[WhiteElo "2179"]
[BlackElo "2382"]
[PlyCount "35"]
[GameId "2160767911999603"]
[EventDate "1997.01.04"]
[EventType "tourn"]
[EventRounds "9"]
[EventCountry "CAN"]
[SourceTitle "EXT 2001"]
[Source "ChessBase"]
[SourceDate "2000.11.22"]
[SourceVersion "1"]
[SourceVersionDate "2000.11.22"]
[SourceQuality "1"]

1. e4 e6 2. d4 d5 3. e5 c5 4. c3 Nc6 5. Nf3 Bd7 6. a3 Rc8 7. b4 cxd4 8. cxd4 Nge7 9. Bb2 Nf5 10. Nc3 Nh4 11. Ng1 Be7 12. g3 Nf5 13. Nf3 O-O 14. Bd3 Be8 15. Ne2 f6 16. Nf4 Qd7 17. h4 Bd8 18. Rc1 1/2-1/2

[Event "Manitoba-ch"]
[Site "Winnipeg CAN"]
[Date "1997.01.04"]
[Round "1"]
[White "Schulz, Manfred"]
[Black "Bollenbach, Brad"]
[Result "0-1"]
[WhiteElo "1979"]
[BlackElo "2080"]
[PlyCount "62"]
[GameId "2160767911999604"]
[EventDate "1997.01.04"]
[EventType "tourn"]
[EventRounds "9"]
[EventCountry "CAN"]
[SourceTitle "EXT 2001"]
[Source "ChessBase"]
[SourceDate "2000.11.22"]
[SourceVersion "1"]
[SourceVersionDate "2000.11.22"]
[SourceQuality "1"]

1. e4 c5 2. Nf3 d6 3. d4 cxd4 4. Nxd4 Nf6 5. Nc3 a6 6. Bc4 e6 7. Bb3 Be7 8. Be3 Bd7 9. Qe2 b5 10. O-O-O Qc7 11. g4 h6 12. f3 Nc6 13. h4 O-O-O 14. a4 Nxd4 15. Rxd4 Qb7 16. axb5 axb5 17. Kb1 Bc6 18. Rhd1 Nd7 19. Bf2 Nc5 20. Bg3 Nxb3 21. cxb3 b4 22. Na2 d5 23. Rc1 Kd7 24. Qd2 Ra8 25. Nxb4 Bxb4 26. Rxb4 Qa6 27. Qc3 Rhc8 28. Bf2 Bb5 29. Rc4 Bxc4 30. bxc4 Qa2+ 31. Kc2 Rxc4 0-1

[Event "Manitoba-ch"]
[Site "Winnipeg CAN"]
[Date "1997.01.11"]
[Round "2"]
[White "Babb, Jeff"]
[Black "Schulz, Manfred"]
[Result "1-0"]
[WhiteElo "2100"]
[BlackElo "1979"]
[PlyCount "83"]
[GameId "2160767911999605"]
[EventDate "1997.01.04"]
[EventType "tourn"]
[EventRounds "9"]
[EventCountry "CAN"]
[SourceTitle "EXT 2001"]
[Source "ChessBase"]
[SourceDate "2000.11.22"]
[SourceVersion "1"]
[SourceVersionDate "2000.11.22"]
[SourceQuality "1"]

1. e4 c6 2. d3 d5 3. Nd2 e5 4. Ngf3 Bd6 5. g3 Nf6 6. Bg2 O-O 7. O-O Re8 8. Re1 Bg4 9. h3 Bh5 10. c3 Nbd7 11. Qc2 Qc7 12. Nh4 Nf8 13. Nf5 Bc5 14. b4 Bb6 15. Nb3 dxe4 16. dxe4 Ne6 17. a4 a5 18. bxa5 Bxa5 19. Ba3 c5 20. Nd2 Qb8 21. Bf1 Bc7 22. Rab1 Ra7 23. Bb5 Rd8 24. Kg2 Bg6 25. Nc4 Kh8 26. f3 Ne8 27. Qf2 Nd6 28. Ncxd6 Bxd6 29. Red1 b6 30. Rd2 Bxf5 31. exf5 Nc7 32. Bc6 Na6 33. Rbd1 Qc7 34. Bb5 Raa8 35. Qe2 e4 36. fxe4 Nb8 37. e5 Be7 38. Rxd8+ Bxd8 39. Qe4 Ra7 40. Qd5 Be7 41. Qxf7 h6 42. Bc4 1-0

[Event "Manitoba-ch"]
[Site "Winnipeg CAN"]
[Date "1997.01.11"]
[Round "2"]
[White "Bollenbach, Brad"]
[Black "Kollar, Frank"]
[Result "1/2-1/2"]
[WhiteElo "2080"]
[BlackElo "2222"]
[PlyCount "83"]
[GameId "2160767911999606"]
[EventDate "1997.01.04"]
[EventType "tourn"]
[EventRounds "9"]
[EventCountry "CAN"]
[SourceTitle "EXT 2001"]
[Source "ChessBase"]
[SourceDate "2000.11.22"]
[SourceVersion "1"]
[SourceVersionDate "2000.11.22"]
[SourceQuality "1"]

1. e4 c6 2. d4 d5 3. Nc3 dxe4 4. Nxe4 Bf5 5. Ng3 Bg6 6. Nf3 e6 7. h4 h6 8. h5 Bh7 9. Bd3 Bxd3 10. Qxd3 Nd7 11. Bd2 Ngf6 12. O-O-O Bd6 13. Ne4 Nxe4 14. Qxe4 Nf6 15. Qe2 Qc7 16. Kb1 O-O-O 17. g3 Rhe8 18. Ne5 c5 19. Bf4 Nd5 20. dxc5 Bxc5 21. Bd2 Bd6 22. Rh4 Kb8 23. Rc4 Qe7 24. Ba5 Rc8 25. Rcd4 Bc5 26. R4d3 b6 27. Be1 f6 28. Nf3 Bb4 29. Rd4 Bc5 30. Re4 Nc7 31. Nd4 Bxd4 32. Rexd4 Red8 33. Bb4 Qe8 34. Bd6 e5 35. R4d2 Kb7 36. Bxc7 Kxc7 37. Qg4 Rxd2 38. Rxd2 Qe7 39. Qc4+ Kb8 40. Qd5 Rc5 41. Qf3 Rc8 42. Qd5 1/2-1/2

[Event "Manitoba-ch"]
[Site "Winnipeg CAN"]
[Date "1997.01.11"]
[Round "2"]
[White "Gentes, Kevin"]
[Black "Henson, Joshua"]
[Result "1-0"]
[WhiteElo "2384"]
[BlackElo "1981"]
[PlyCount "33"]
[GameId "2160767911999607"]
[EventDate "1997.01.04"]
[EventType "tourn"]
[EventRounds "9"]
[EventCountry "CAN"]
[SourceTitle "EXT 2001"]
[Source "ChessBase"]
[SourceDate "2000.11.22"]
[SourceVersion "1"]
[SourceVersionDate "2000.11.22"]
[SourceQuality "1"]

1. d4 Nf6 2. c4 e6 3. Nf3 b6 4. a3 Ba6 5. Qc2 Bb7 6. Nc3 d5 7. cxd5 exd5 8. Bf4 c5 9. Nb5 Na6 10. Qa4 Nd7 11. e3 Be7 12. Nd6+ Bxd6 13. Bxd6 c4 14. b3 Nab8 15. bxc4 dxc4 16. Ne5 f6 17. Qxc4 1-0

[Event "Manitoba-ch"]
[Site "Winnipeg CAN"]
[Date "1997.01.11"]
[Round "2"]
[White "Gibbons, Michael"]
[Black "Baragar, Fletcher"]
[Result "0-1"]
[WhiteElo "2073"]
[BlackElo "2382"]
[PlyCount "124"]
[GameId "2160767911999608"]
[EventDate "1997.01.04"]
[EventType "tourn"]
[EventRounds "9"]
[EventCountry "CAN"]
[SourceTitle "EXT 2001"]
[Source "ChessBase"]
[SourceDate "2000.11.22"]
[SourceVersion "1"]
[SourceVersionDate "2000.11.22"]
[SourceQuality "1"]

1. Nf3 Nf6 2. d4 b6 3. c4 e6 4. e3 Bb7 5. Bd3 Be7 6. Nc3 d5 7. O-O O-O 8. Bd2 c5 9. Rc1 cxd4 10. Nxd4 Nbd7 11. cxd5 Nxd5 12. Nxd5 Bxd5 13. Bc4 Nc5 14. Qe2 Rc8 15. a3 Bf6 16. b4 Ne4 17. Ba6 Rxc1 18. Bxc1 Be5 19. Bb2 Qh4 20. Nf3 Nc3 21. Nxh4 Nxe2+ 22. Bxe2 Bxb2 23. a4 Rc8 24. Nf3 Rc2 25. Bd3 Rc3 26. Rd1 g6 27. h3 Bb3 28. Rb1 Ba3 29. Ba6 Bxa4 30. Nd4 Rc1+ 31. Rxc1 Bxc1 32. Nb5 Bxb5 33. Bxb5 Bd2 34. Kf1 Bxb4 35. Ke2 Kf8 36. Kd3 Ke7 37. Kc4 Bc5 38. Bc6 Kd6 39. Be8 f6 40. h4 a5 41. h5 gxh5 42. Bxh5 a4 43. Bd1 a3 44. Bb3 f5 45. Kd3 b5 46. f3 Bb4 47. e4 Ke5 48. exf5 exf5 49. Bg8 Kf4 50. Ke2 Kg3 51. Kf1 Bc3 52. Bf7 h5 53. Ba2 b4 54. Bb3 h4 55. Bd5 f4 56. Kg1 Be5 57. Kf1 Bd4 58. Bc4 h3 59. gxh3 Kxf3 60. Bd5+ Ke3 61. Ke1 Kd3 62. Kd1 Kc3 0-1

[Event "Manitoba-ch"]
[Site "Winnipeg CAN"]
[Date "1997.01.11"]
[Round "2"]
[White "Yoos, John"]
[Black "Langner, David"]
[Result "1/2-1/2"]
[WhiteElo "2409"]
[BlackElo "2179"]
[PlyCount "47"]
[GameId "2160767911999609"]
[EventDate "1997.01.04"]
[EventType "tourn"]
[EventRounds "9"]
[EventCountry "CAN"]
[SourceTitle "EXT 2001"]
[Source "ChessBase"]
[SourceDate "2000.11.22"]
[SourceVersion "1"]
[SourceVersionDate "2000.11.22"]
[SourceQuality "1"]

1. e4 d5 2. exd5 Qxd5 3. Nc3 Qa5 4. d4 Nf6 5. Nf3 c6 6. Ne5 Be6 7. Nc4 Qd8 8. Bg5 Nbd7 9. Be2 Bd5 10. O-O g6 11. Ne3 Bg7 12. h4 O-O 13. h5 Re8 14. h6 Bh8 15. Re1 Qa5 16. Bf4 Rac8 17. Nc4 Bxc4 18. Bxc4 Qb4 19. Qd3 Nb6 20. Bb3 Nbd5 21. Bd2 Qd6 22. Ne4 Nxe4 23. Qxe4 Nb6 24. c3 1/2-1/2

[Event "Manitoba-ch"]
[Site "Winnipeg CAN"]
[Date "1997.01.18"]
[Round "3"]
[White "Baragar, Fletcher"]
[Black "Yoos, John"]
[Result "0-1"]
[WhiteElo "2382"]
[BlackElo "2409"]
[PlyCount "142"]
[GameId "2160767911999610"]
[EventDate "1997.01.04"]
[EventType "tourn"]
[EventRounds "9"]
[EventCountry "CAN"]
[SourceTitle "EXT 2001"]
[Source "ChessBase"]
[SourceDate "2000.11.22"]
[SourceVersion "1"]
[SourceVersionDate "2000.11.22"]
[SourceQuality "1"]

1. d4 Nf6 2. c4 g6 3. Nc3 Bg7 4. e4 d6 5. Be2 O-O 6. Bg5 Na6 7. Qd2 e5 8. d5 Qe8 9. Bd3 Nh5 10. Nge2 f5 11. exf5 Bxf5 12. Bxf5 gxf5 13. O-O-O Nc5 14. Be3 Na4 15. f3 Nf6 16. Bh6 Bxh6 17. Qxh6 Nb6 18. b3 Kh8 19. h3 a5 20. g4 a4 21. gxf5 axb3 22. axb3 Qh5 23. Qe3 Qxf5 24. Ng3 Qg6 25. Rdg1 Ra1+ 26. Kb2 Rxg1 27. Rxg1 Rg8 28. Nb5 Rg7 29. Ne2 Qf7 30. Rg5 Nc8 31. Ng3 c6 32. dxc6 bxc6 33. Nc3 Rxg5 34. Qxg5 Qg6 35. h4 Qxg5 36. hxg5 Ne8 37. b4 Kg7 38. Kb3 Kg6 39. Nge4 Nc7 40. Ka4 Nb6+ 41. Kb3 d5 42. cxd5 cxd5 43. Nf6 Kxg5 44. Nxh7+ Kf4 45. Kc2 Kxf3 46. Ng5+ Kf4 47. Nf7 d4 48. Nxe5 Kxe5 49. Ne2 Ke4 50. Ng3+ Kd5 51. Ne2 Kc4 52. Nxd4 Kxd4 53. b5 Ke3 54. Kc3 Ncd5+ 55. Kc2 Ke2 56. Kb3 Kd3 57. Kb2 Nb4 58. Kb3 Nc2 59. Kb2 Nd4 60. Kc1 Ke2 61. Kb2 Kd2 62. Kb1 Nb3 63. Kb2 Nc5 64. Kb1 Nd3 65. Ka2 Kc2 66. Ka3 Kc3 67. Ka2 Kb4 68. Kb1 Kb3 69. Ka1 Kc2 70. Ka2 Nc4 71. Ka1 Nb4 0-1

[Event "Manitoba-ch"]
[Site "Winnipeg CAN"]
[Date "1997.01.18"]
[Round "3"]
[White "Henson, Joshua"]
[Black "Gibbons, Michael"]
[Result "0-1"]
[WhiteElo "1981"]
[BlackElo "2073"]
[PlyCount "100"]
[GameId "2160767911999611"]
[EventDate "1997.01.04"]
[EventType "tourn"]
[EventRounds "9"]
[EventCountry "CAN"]
[SourceTitle "EXT 2001"]
[Source "ChessBase"]
[SourceDate "2000.11.22"]
[SourceVersion "1"]
[SourceVersionDate "2000.11.22"]
[SourceQuality "1"]

1. e4 d6 2. d4 Nf6 3. Nc3 g6 4. Nf3 Bg7 5. Be2 O-O 6. O-O Bg4 7. Be3 Nc6 8. d5 Nb8 9. Qd2 c6 10. dxc6 bxc6 11. h3 Bxf3 12. Bxf3 Nbd7 13. Be2 Qa5 14. Bd3 Rfb8 15. Rab1 Nc5 16. Bh6 Bxh6 17. Qxh6 Na4 18. Nxa4 Qxa4 19. a3 Qd4 20. b3 Nxe4 21. Qh4 d5 22. Rfe1 g5 23. Rxe4 dxe4 24. Qg4 Qf6 25. Qxe4 h6 26. Re1 Re8 27. Qc4 Rad8 28. Qa4 Rd7 29. Be4 Red8 30. Bf3 Rd2 31. Qxa7 Rxc2 32. Qxe7 Qxe7 33. Rxe7 Rdd2 34. a4 Rc1+ 35. Kh2 Rxf2 36. Rc7 Rb2 37. Bd5 Rcc2 38. Bxc6 Rxb3 39. Rc8+ Kg7 40. Bd7 Rxc8 41. Bxc8 Ra3 42. Bd7 Kf6 43. Kg1 Ke5 44. Bb5 Kf4 45. Kh2 h5 46. Bc6 f5 47. Be8 g4 48. hxg4 hxg4 49. g3+ Rxg3 50. Bb5 Rb3 0-1

[Event "Manitoba-ch"]
[Site "Winnipeg CAN"]
[Date "1997.01.18"]
[Round "3"]
[White "Kollar, Frank"]
[Black "Babb, Jeff"]
[Result "1/2-1/2"]
[WhiteElo "2222"]
[BlackElo "2100"]
[PlyCount "90"]
[GameId "2160767911999612"]
[EventDate "1997.01.04"]
[EventType "tourn"]
[EventRounds "9"]
[EventCountry "CAN"]
[SourceTitle "EXT 2001"]
[Source "ChessBase"]
[SourceDate "2000.11.22"]
[SourceVersion "1"]
[SourceVersionDate "2000.11.22"]
[SourceQuality "1"]

1. d4 Nf6 2. c4 c5 3. d5 b5 4. cxb5 a6 5. bxa6 Bxa6 6. Nc3 d6 7. Nf3 g6 8. g3 Nbd7 9. Bg2 Bg7 10. O-O O-O 11. Re1 Qa5 12. e4 Ng4 13. Bd2 Rfb8 14. Qc2 Nge5 15. Nxe5 Nxe5 16. Re3 Nc4 17. b3 Nxe3 18. fxe3 Qd8 19. Rb1 Be5 20. a4 Rb7 21. Bf1 Bxf1 22. Kxf1 Qd7 23. Nb5 Qh3+ 24. Kg1 h5 25. Be1 h4 26. Qg2 Qxg2+ 27. Kxg2 hxg3 28. hxg3 Kg7 29. Kf3 f6 30. Rc1 Kf7 31. Rc2 Rh8 32. Kg2 Rhb8 33. Rc4 Ra8 34. Kf3 Ke8 35. Rc2 Kd7 36. Rc4 Rbb8 37. Rc1 Rxb5 38. axb5 Rb8 39. Rc4 Rxb5 40. b4 Kc7 41. g4 g5 42. Ke2 Bb2 43. bxc5 dxc5 44. Ra4 Be5 45. Ra7+ Kd8 1/2-1/2

[Event "Manitoba-ch"]
[Site "Winnipeg CAN"]
[Date "1997.01.18"]
[Round "3"]
[White "Langner, David"]
[Black "Bollenbach, Brad"]
[Result "1-0"]
[WhiteElo "2179"]
[BlackElo "2080"]
[PlyCount "44"]
[GameId "2160767911999613"]
[EventDate "1997.01.04"]
[EventType "tourn"]
[EventRounds "9"]
[EventCountry "CAN"]
[SourceTitle "EXT 2001"]
[Source "ChessBase"]
[SourceDate "2000.11.22"]
[SourceVersion "1"]
[SourceVersionDate "2000.11.22"]
[SourceQuality "1"]

1. e4 c5 2. Nf3 d6 3. c3 Nf6 4. Be2 e6 5. O-O Be7 6. Re1 O-O 7. Bf1 Nc6 8. d4 cxd4 9. cxd4 a6 10. a3 b5 11. b3 Ra7 12. Bb2 Rd7 13. Nbd2 Bb7 14. Bd3 Qa8 15. Qe2 Rfd8 16. Rac1 Re8 17. Rc2 Bd8 18. Rec1 Ne7 19. e5 Nfd5 20. g3 dxe5 21. Nxe5 Rc7 22. Bxh7+ Kh8 1-0

[Event "Manitoba-ch"]
[Site "Winnipeg CAN"]
[Date "1997.01.18"]
[Round "3"]
[White "Schulz, Manfred"]
[Black "Gentes, Kevin"]
[Result "0-1"]
[WhiteElo "1979"]
[BlackElo "2384"]
[PlyCount "122"]
[GameId "2160767911999614"]
[EventDate "1997.01.04"]
[EventType "tourn"]
[EventRounds "9"]
[EventCountry "CAN"]
[SourceTitle "EXT 2001"]
[Source "ChessBase"]
[SourceDate "2000.11.22"]
[SourceVersion "1"]
[SourceVersionDate "2000.11.22"]
[SourceQuality "1"]

1. e4 c5 2. Nf3 d6 3. d4 cxd4 4. Nxd4 Nf6 5. Nc3 g6 6. Be3 Bg7 7. Be2 O-O 8. O-O Nc6 9. Nb3 Be6 10. f4 Rc8 11. Bf3 a6 12. Nd5 Bxd5 13. exd5 Na5 14. Nxa5 Qxa5 15. c3 Rc4 16. Kh1 Nd7 17. Rf2 b5 18. a3 Rfc8 19. Rc1 Qd8 20. Be2 Ra4 21. Bd3 Nb6 22. Bc2 Rac4 23. Qf3 Nd7 24. Rd1 Qf8 25. Bb3 R4c7 26. Bd4 Bxd4 27. Rxd4 Qg7 28. g4 h6 29. h4 Rf8 30. Rd1 a5 31. Rd4 f6 32. Bc2 Kh8 33. Qd3 f5 34. gxf5 Rxf5 35. Qxb5 Rh5 36. Rh2 Qf6 37. Qf1 Rxh4 38. Qf2 Rxh2+ 39. Qxh2 Kg7 40. Rd2 Rc4 41. Rg2 Nf8 42. Rg4 Qf7 43. Qd2 g5 44. Kg1 Kh8 45. Qh2 Qf6 46. Qd2 Rxf4 47. Rxf4 gxf4 48. b4 axb4 49. axb4 Nd7 50. Qd3 Qg7+ 51. Kf2 Nf6 52. b5 Qg4 53. b6 Qh4+ 54. Kf1 Qh1+ 55. Ke2 Qg2+ 56. Ke1 Qg1+ 57. Ke2 Qxb6 58. Kf3 Qg1 59. Ke2 Qg2+ 60. Ke1 Qh1+ 61. Kd2 Qxd5 0-1

[Event "Manitoba-ch"]
[Site "Winnipeg CAN"]
[Date "1997.01.25"]
[Round "4"]
[White "Babb, Jeff"]
[Black "Langner, David"]
[Result "1/2-1/2"]
[WhiteElo "2100"]
[BlackElo "2179"]
[PlyCount "61"]
[GameId "2160767911999615"]
[EventDate "1997.01.04"]
[EventType "tourn"]
[EventRounds "9"]
[EventCountry "CAN"]
[SourceTitle "EXT 2001"]
[Source "ChessBase"]
[SourceDate "2000.11.22"]
[SourceVersion "1"]
[SourceVersionDate "2000.11.22"]
[SourceQuality "1"]

1. e4 c5 2. Nc3 Nc6 3. g3 g6 4. Bg2 Bg7 5. d3 d6 6. Nh3 h5 7. f4 Bg4 8. Qd2 Nd4 9. Ng1 Bd7 10. Nd5 e6 11. Ne3 Ne7 12. c3 Ndc6 13. Nf3 Qc7 14. O-O Rb8 15. Qe2 O-O 16. h3 Rbe8 17. g4 hxg4 18. hxg4 f5 19. Ng5 Nd8 20. exf5 gxf5 21. gxf5 Nxf5 22. Qh5 Rf6 23. Ng4 Re7 24. Nxf6+ Bxf6 25. Ne4 Bh4 26. Bd2 Be8 27. Qf3 Rh7 28. Be1 Bh5 29. Qh3 Be2 30. Rf3 Bxe1 31. Nf6+ 1/2-1/2

[Event "Manitoba-ch"]
[Site "Winnipeg CAN"]
[Date "1997.01.25"]
[Round "4"]
[White "Bollenbach, Brad"]
[Black "Baragar, Fletcher"]
[Result "0-1"]
[WhiteElo "2080"]
[BlackElo "2382"]
[PlyCount "100"]
[GameId "2160767911999616"]
[EventDate "1997.01.04"]
[EventType "tourn"]
[EventRounds "9"]
[EventCountry "CAN"]
[SourceTitle "EXT 2001"]
[Source "ChessBase"]
[SourceDate "2000.11.22"]
[SourceVersion "1"]
[SourceVersionDate "2000.11.22"]
[SourceQuality "1"]

1. e4 e6 2. d3 d5 3. Nd2 c5 4. Ngf3 Nc6 5. g3 Nf6 6. Bg2 Be7 7. O-O b6 8. c4 dxe4 9. dxe4 e5 10. h3 O-O 11. Nb1 Be6 12. b3 Nxe4 13. Nxe5 Nxe5 14. Bxe4 Qxd1 15. Rxd1 Rad8 16. Rxd8 Rxd8 17. Kg2 Nxc4 18. a3 Na5 19. Nd2 Nxb3 20. Nxb3 Bxb3 21. Bb2 Rd1 22. Rxd1 Bxd1 23. Kf1 g6 24. Ke1 Bb3 25. Bc6 f6 26. a4 Kf7 27. Bc1 Bd6 28. a5 Be5 29. Be3 Bd4 30. a6 Bc4 31. Bb7 Bd3 32. Bf4 Be5 33. Be3 Ke7 34. Kd2 Bf1 35. h4 Kd6 36. g4 Kc7 37. h5 gxh5 38. gxh5 Bc4 39. h6 Bg8 40. Be4 Bd6 41. Kc3 b5 42. Bb7 Be6 43. Be4 f5 44. Bf3 Kb6 45. Bb7 b4+ 46. Kb2 Be5+ 47. Kb1 f4 48. Bd2 Bf5+ 49. Ka2 Kb5 50. f3 c4 0-1